header

Digital fashion photography (Record no. 100089)

MARC details
000 -LEADER
fixed length control field 01213nam a2200325 a 4500
100 1# - MAIN ENTRY--AUTHOR NAME
Personal name Tarantino, Chris.
245 10 - TITLE STATEMENT
Title Digital fashion photography
260 ## - PUBLICATION, DISTRIBUTION, ETC. (IMPRINT)
Place of publication Boston, Mass. :
Name of publisher Thomson Course Technology,
Year of publication 2005.
300 ## - PHYSICAL DESCRIPTION
Number of Pages ix, 248 p. :
Other physical details ill., col. ports.
500 ## - GENERAL NOTE
General note Includes index.
650 #0 - SUBJECT ADDED ENTRY--TOPICAL TERM
Topical Term Fashion photography.
700 1# - ADDED ENTRY--PERSONAL NAME
Personal name Tan, Ken.
Personal name Eismann, Katrin.
856 40 - ELECTRONIC LOCATION AND ACCESS
Uniform Resource Identifier http://site.ebrary.com/lib/rucke/Doc?id=10384009

No items available.

© 2026 Rongo University
Contact us: librarian | system librarian | Rongo university